000 01586nam a2200481 i 4500
001 15621
003 KOSZ 005
005 20200701123402.0
008 200422s1973 pl a f 000 0 pol
015 _aUWD 1973/6662
035 _a991034391369705066
035 _a(PL-WaBN)b19198383-48omnis_nlop
035 _ab19198383
035 _a(OCoLC)830836613
035 _a(PL)b0000001919838
035 _a(EXLNZ-48OMNIS_NETWORK)9910340524505606
040 _aWA N
_cWA N
_dKOSZ 005/RW
046 _k1973
080 _a349.442(438)
100 1 _aJarocka, Alicja
_eAutor
245 1 0 _aWykonawstwo budowlane :
_bwedług stanu prawnego na dzień 31 marca 1973 r. : aneks według stanu prawnego na dzien 1 maja 1973 r.
260 _aWarszawa :
_bWydawnictwo Prawnicze,
_c1973.
300 _a376 stron :
_bilustracje ;
_c21 cm.
336 _aTekst
_btxt
_2rdacontent
337 _aBez urządzenia pośredniczącego
_bn
_2rdamedia
338 _aWolumin
_bnc
_2rdacarrier
380 _aKsiążki
380 _aPublikacje fachowe
388 _a1901-2000
388 _a1945-1989
504 _aIndeks.
650 7 _aBudownictwo
_2DBN
650 7 _aInwestycje
650 7 _aCeny
650 7 _aPrawo budowlane
651 7 _aPolska
658 _aPrawo i wymiar sprawiedliwości
658 _aArchitektura i budownictwo
710 2 _aWydawnictwo Prawnicze
_4pbl
856 _uhttp://koha.tu.koszalin.pl/cgi-bin/koha/opac-detail.pl?biblionumber=15621
_yKatalog online BPK
942 _2UKD
_cKS
999 _c15621
_d15621